Alfred Hitchcock Movies - Statistics

General Stats
  • This quiz has been taken 3,332 times
  • The average score is 22 of 52
Answer Stats
Hint Answer % Correct
1960 Psycho
96%
1963 The Birds
91%
1958 Vertigo
90%
1954 Rear Window
86%
1959 North by Northwest
85%
1948 Rope
72%
1940 Rebecca
70%
1953 Dial M for Murder
66%
1951 Strangers on a Train
65%
1934 The Man Who Knew Too Much
65%
1956 The Man Who Knew Too Much
65%
1964 Marnie
62%
1935 The 39 Steps
60%
1972 Frenzy
56%
1946 Notorious
55%
1955 To Catch a Thief
54%
1976 Family Plot
48%
1941 Suspicion
47%
1969 Topaz
47%
1944 Lifeboat
46%
1938 The Lady Vanishes
46%
1966 Torn Curtain
46%
1955 The Trouble with Harry
44%
1943 Shadow of a Doubt
43%
1942 Saboteur
41%
1945 Spellbound
41%
1936 Sabotage
40%
1927 The Lodger: A Story of the London Fog
39%
1957 The Wrong Man
39%
1939 Jamaica Inn
36%
1953 I Confess
35%
1940 Foreign Correspondent
33%
1929 Blackmail
31%
1941 Mr. and Mrs. Smith
31%
1930 Murder!
31%
1950 Stage Fright
31%
1947 The Paradine Case
28%
1949 Under Capricorn
27%
1927 The Ring
22%
1937 Young and Innocent
22%
1936 Secret Agent
21%
1925 The Pleasure Garden
20%
1932 Number Seventeen
19%
1929 Juno and the Paycock
18%
1928 The Farmer's Wife
18%
1928 Champagne
17%
1927 Downhill
17%
1931 Rich and Strange
17%
1929 The Manxman
17%
1931 The Skin Game
16%
1928 Easy Virtue
15%
1933 Waltzes from Vienna
15%
No matching quizzes found
Score Distribution
Percent of People with Each Score
Percentile by Number Answered
Your Score History
You have not taken this quiz